001026182 001__ 1026182 001026182 005__ 20260129142255.0 001026182 0247_ $$2HBZ$$aHT000847253 001026182 0247_ $$2Laufende Nummer$$a5287 001026182 037__ $$aRWTH-2026-00719 001026182 041__ $$aEnglish 001026182 082__ $$a510 001026182 1001_ $$0P:(DE-82)161087$$aTrebels, Walter$$b0$$urwth 001026182 245__ $$aMultipliers for (C, alpha)-bounded Fourier expansions in Banach spaces and approximation theory$$cvorgelegt von Dr. rer. nat. Walter Trebels$$hprint 001026182 260__ $$aAachen$$c1973 001026182 300__ $$aV, 103 S. 001026182 3367_ $$02$$2EndNote$$aThesis 001026182 3367_ $$0PUB:(DE-HGF)13$$2PUB:(DE-HGF)$$aHabil / Postdoctoral Thesis (Non-german Habil)$$bhabil$$mhabil 001026182 3367_ $$2BibTeX$$aPHDTHESIS 001026182 3367_ $$2DRIVER$$adoctoralThesis 001026182 3367_ $$2DataCite$$aOutput Types/Book 001026182 3367_ $$2ORCID$$aBOOK 001026182 502__ $$aHabilitationsschrift, Aachen, Techn. Hochsch., 1973$$bHabilitationsschrift$$cAachen, Techn. Hochsch.$$d1973$$gFak00$$o1973-06-20 001026182 500__ $$aVon der Mathematisch-Naturwissenschaftlichen Fakultät der Rheinisch-Westfälischen Technischen Hochschule Aachen genehmigte Habilitationsschrift zur Erlangung der venia legendi 001026182 5203_ $$aonline nicht verfügbar$$lger 001026182 520__ $$leng 001026182 588__ $$aDataset connected to Lobid/HBZ 001026182 591__ $$aGermany 001026182 7001_ $$0P:(DE-82)187839$$aButzer, P. L.$$b1$$eThesis advisor$$urwth 001026182 7001_ $$0P:(DE-82)025739$$aNessel, R. J.$$b2$$eThesis advisor 001026182 8564_ $$uhttps://publications.rwth-aachen.de/record/1026182/files/1026182_kardex.pdf$$yInternal catalog entry 001026182 909CO $$ooai:publications.rwth-aachen.de:1026182$$pVDB 001026182 9141_ $$y1973 001026182 9101_ $$0I:(DE-588b)36225-6$$6P:(DE-82)161087$$aRWTH Aachen$$b0$$kRWTH 001026182 9101_ $$0I:(DE-588b)36225-6$$6P:(DE-82)187839$$aRWTH Aachen$$b1$$kRWTH 001026182 9201_ $$0I:(DE-82)hsbk000000_20140620$$khsbk000000$$lRWTH Aachen$$x0 001026182 961__ $$c2026-01-19T15:13:06.435989$$x2026-01-19T15:13:06.435989$$z2026-01-19T15:13:06.435989 001026182 980__ $$aI:(DE-82)hsbk000000_20140620 001026182 980__ $$aUNRESTRICTED 001026182 980__ $$aVDB 001026182 980__ $$ahabil